| 000 | 00604nam a2200181Ia 4500 | ||
|---|---|---|---|
| 003 | GCL | ||
| 005 | 20240530104957.0 | ||
| 008 | 140319s9999 xx 000 0 ara d | ||
| 040 |
_aGCL / _cGCL |
||
| 082 | 0 | 4 |
_a250/ _bق ن |
| 100 | 1 | _aقاضى زادة، شمس الدين احمد بن بدر الدين قودر | |
| 245 | 1 | 0 |
_aنتائج الافكار فى كشف الرموز والاسرار (ج7 , ج8) / _cشمس الدين احمد بن قودر |
| 300 | _aمتعدد | ||
| 650 | 0 | 4 | _aالاسلام |
| 650 | 0 | 4 | _aالفقه الاسلامى |
| 650 | 0 | 4 | _aالتفاسير |
| 942 |
_2ddc _cBK |
||
| 999 |
_c52228 _d52228 |
||